000 00429nam a2200157Ia 4500
008 220216s9999 xx 000 0 und d
100 _aPriyadarshan P.M.
245 0 _aBreeding Hevea brasiliensis for environmental constraints
260 _bAdvances in Agronomy
_c2003
300 _a351-400
650 _aCrop improvement
650 _aGeo climate
650 _aMarginal area
650 _aMolecular diversity
942 _cBS
999 _c52121
_d52121